| 000 -LEADER |
| fixed length control field |
02133cam a2200493 i 4500 |
| 001 - CONTROL NUMBER |
| control field |
20698090 |
| 003 - CONTROL NUMBER IDENTIFIER |
| control field |
OSt |
| 005 - DATE AND TIME OF LATEST TRANSACTION |
| control field |
20241031091208.0 |
| 008 - FIXED-LENGTH DATA ELEMENTS--GENERAL INFORMATION |
| fixed length control field |
181004s2019 njua b 001 0 eng |
| 010 ## - LIBRARY OF CONGRESS CONTROL NUMBER |
| LC control number |
2018047535 |
| 020 ## - INTERNATIONAL STANDARD BOOK NUMBER |
| International Standard Book Number |
9780470552209 |
| Qualifying information |
(hardcover) |
| 035 ## - SYSTEM CONTROL NUMBER |
| System control number |
(DNLM)101735377 |
| 040 ## - CATALOGING SOURCE |
| Original cataloging agency |
DNLM/DLC |
| Transcribing agency |
DLC |
| Description conventions |
rda |
| Modifying agency |
DLC |
| 042 ## - AUTHENTICATION CODE |
| Authentication code |
pcc |
| 050 00 - LIBRARY OF CONGRESS CALL NUMBER |
| Classification number |
R895 |
| Item number |
.H4 2019 |
| 060 10 - NATIONAL LIBRARY OF MEDICINE CALL NUMBER |
| Classification number |
WN 110 |
| 080 ## - UNIVERSAL DECIMAL CLASSIFICATION NUMBER |
| Universal Decimal Classification number |
615.849 |
| Item number |
S-19 |
| 082 00 - DEWEY DECIMAL CLASSIFICATION NUMBER |
| Classification number |
616.07/54 |
| Edition number |
23 |
| 100 1# - MAIN ENTRY--PERSONAL NAME |
| Personal name |
Samei, Ehsan, |
| Relator term |
author. |
| 245 10 - TITLE STATEMENT |
| Title |
Hendee's physics of medical imaging / |
| Statement of responsibility, etc. |
Ehsan Samei, Donald J. Peck. |
| 246 1# - VARYING FORM OF TITLE |
| Title proper/short title |
Physics of medical imaging |
| 250 ## - EDITION STATEMENT |
| Edition statement |
Fifth edition. |
| 260 ## - PUBLICATION, DISTRIBUTION, ETC. |
| Place of publication, distribution, etc. |
Hoboken, NJ : |
| Name of publisher, distributor, etc. |
John Wiley & Sons, Inc., |
| Date of publication, distribution, etc. |
2019. |
| 300 ## - PHYSICAL DESCRIPTION |
| Extent |
xxii, 468 pages : |
| Other physical details |
color illustrations ; |
| Dimensions |
29 cm |
| 336 ## - CONTENT TYPE |
| Content type term |
text |
| Source |
rdacontent |
| 337 ## - MEDIA TYPE |
| Media type term |
unmediated |
| Source |
rdamedia |
| 338 ## - CARRIER TYPE |
| Carrier type term |
volume |
| Source |
rdacarrier |
| 500 ## - GENERAL NOTE |
| General note |
Preceded by Medical imaging physics / William R. Hendee, E. Russell Ritenour. 4th ed. 2002. |
| 504 ## - BIBLIOGRAPHY, ETC. NOTE |
| Bibliography, etc. note |
Includes bibliographical references and index. |
| 505 0# - FORMATTED CONTENTS NOTE |
| Formatted contents note |
Introduction : the role of imaging in medicine -- Physics of radiation and matter -- Anatomy, physiology, and pathology in imaging -- Imaging science -- Radiobiology, dosimetry and protection -- Imaging operation and infrastructure -- Projection X-ray imaging -- Volumetric X-ray imaging -- Nuclear medicine -- Ultrasonography -- Magnetic resonance imaging. |
| 650 12 - SUBJECT ADDED ENTRY--TOPICAL TERM |
| Topical term or geographic name entry element |
Biophysics |
| 650 12 - SUBJECT ADDED ENTRY--TOPICAL TERM |
| Topical term or geographic name entry element |
Diagnostic Imaging |
| 650 22 - SUBJECT ADDED ENTRY--TOPICAL TERM |
| Topical term or geographic name entry element |
Nuclear Medicine |
| 650 22 - SUBJECT ADDED ENTRY--TOPICAL TERM |
| Topical term or geographic name entry element |
Radiobiology |
| 650 22 - SUBJECT ADDED ENTRY--TOPICAL TERM |
| Topical term or geographic name entry element |
Ultrasonics |
| 653 ## - INDEX TERM--UNCONTROLLED |
| Uncontrolled term |
ბიოფიზიკა |
| 653 ## - INDEX TERM--UNCONTROLLED |
| Uncontrolled term |
რადიოლოგია |
| 700 1# - ADDED ENTRY--PERSONAL NAME |
| Personal name |
Peck, Donald J. |
| Fuller form of name |
(Donald Joseph), |
| Dates associated with a name |
1961- |
| Relator term |
author. |
| 700 1# - ADDED ENTRY--PERSONAL NAME |
| Personal name |
Hendee, William R. |
| Title of a work |
Medical imaging physics. |
| Relationship information |
Preceded by: |
| 776 08 - ADDITIONAL PHYSICAL FORM ENTRY |
| Relationship information |
Online version: |
| Main entry heading |
Samei, Ehsan, author. |
| Title |
Hendee's physics of medical imaging |
| Edition |
Fifth edition. |
| Place, publisher, and date of publication |
Hoboken, NJ : John Wiley & Sons, Inc., 2019 |
| International Standard Book Number |
9781118671061 |
| Record control number |
(DLC) 2018048460 |
| 906 ## - LOCAL DATA ELEMENT F, LDF (RLIN) |
| a |
7 |
| b |
cbc |
| c |
orignew |
| d |
1 |
| e |
ecip |
| f |
20 |
| g |
y-gencatlg |
| 942 ## - ADDED ENTRY ELEMENTS (KOHA) |
| Source of classification or shelving scheme |
|
| Koha item type |
Books |
| Edition |
5 |